Eastern Utah Libraries Catalog: Duchesne, Heber, Roosevelt, & Vernal

Kung fu panda (Record no. 57027)

MARC details
000 -LEADER
fixed length control field 04542cgm a2200901Ia 4500
001 - CONTROL NUMBER
control field ocn252904006
003 - CONTROL NUMBER IDENTIFIER
control field OCoLC
005 - DATE AND TIME OF LATEST TRANSACTION
control field 20241220122451.0
007 - PHYSICAL DESCRIPTION FIXED FIELD--GENERAL INFORMATION
fixed length control field vd cvaizk
008 - FIXED-LENGTH DATA ELEMENTS--GENERAL INFORMATION
fixed length control field 080918s2008 cau088 vaeng d
020 ## - INTERNATIONAL STANDARD BOOK NUMBER
International Standard Book Number 1415740216
020 ## - INTERNATIONAL STANDARD BOOK NUMBER
International Standard Book Number 9781415740217
024 1# - OTHER STANDARD IDENTIFIER
Standard number or code 097361179544
028 42 - PUBLISHER NUMBER
Publisher number 11795
Source Paramount Home Entertainment
035 ## - SYSTEM CONTROL NUMBER
System control number (OCoLC)252904006
040 ## - CATALOGING SOURCE
Original cataloging agency TEFMT
Transcribing agency TEFMT
Modifying agency TEF
-- RCS
-- FTL
-- IMD
-- MR0
-- UINTA
Description conventions
041 1# - LANGUAGE CODE
Language code of text/sound track or separate title eng
-- fre
-- spa
Language code of summary or abstract/overprinted title or subtitle eng
-- fre
-- spa
Language code of original and/or intermediate translations of text eng
049 ## - LOCAL HOLDINGS (OCLC)
Holding library UCLB
050 14 - LIBRARY OF CONGRESS CALL NUMBER
Classification number PN1997.2
Item number .K86 2008
082 04 - DEWEY DECIMAL CLASSIFICATION NUMBER
Classification number 791.43/72
Edition number 22
092 ## - LOCALLY ASSIGNED DEWEY CALL NUMBER (OCLC)
Classification number 791.437
245 00 - TITLE STATEMENT
Title Kung fu panda
260 ## - PUBLICATION, DISTRIBUTION, ETC. (IMPRINT)
Place of publication, distribution, etc Hollywood, Calif. :
Name of publisher, distributor, etc Paramount Home Entertainment,
Date of publication, distribution, etc c2008.
264 ## - Production, Publication, Distribution, Manufacture, and Copyright Notice.
Place of production, publication, distribution, manufacture Hollywood, Calif. :
Name of producer, publisher, distributor, manufacturer DreamWorks Animation ; Pacific Data Images ; produced by Melissa Cobb ; story by Ethan Reiff & Cyrus Voris ; screenplay by Jonathan Aibel & Glenn Berger ; directed by Mark Osborne, John Stevenson.
Date of production, publication, distribution, manufacture, or copyr c2008.
300 ## - PHYSICAL DESCRIPTION
Extent 1 videodisc (88 min.) :
Other physical details sd., col. ;
Dimensions 4 3/4 in.
500 ## - GENERAL NOTE
General note DVD release of the 2008 motion picture.
500 ## - GENERAL NOTE
General note Special features: commentary with filmmakers ; "Meet the cast" featurette ; "Pushing the boundaries" the tech of Kung Fu Panda featurette ; "Sound design" featurette ; "Kung fu fighting" music video by Cee-Lo ; "Team Earth : wild pandas" conservation featurette ; DreamWorks Animation video jukebox ; "Mr. Ping's noodle house" with Alton Brown ; how to use chopsticks ; Dragon Warrior Training Academy ; printables ; weblinks.
508 ## - CREATION/PRODUCTION CREDITS NOTE
Creation/production credits note Director of photography, Yong Duk Jhun ; editor, Clare Knight ; music, John Powell, Hans Zimmer.
511 0# - PARTICIPANT OR PERFORMER NOTE
Participant or performer note Voices: Jack Black, Dustin Hoffman, Angelina Jolie, Ian McShane, Jackie Chan, Seth Rogen, Lucy Liu, David Cross, Randall Duk Kim, James Hong, Dan Fogler, Michael Clarke Duncan.
520 ## - SUMMARY, ETC.
Summary, etc Po works in his family's noodle shop while dreaming the day away about becoming a Kung Fu master. His dreams soon become reality when he is unexpectedly chosen to join the world of Kung Fu and study along side his idols. Before they know it, the vengeful and treacherous snow leopard Tai Lung is headed their way. It is now up to Po to defend everyone from the oncoming threat.
521 8# - TARGET AUDIENCE NOTE
Target audience note MPAA rating: PG; for sequences of martial arts action.
538 ## - SYSTEM DETAILS NOTE
System details note DVD ; widescreen (1.85:1) presentation ; Dolby Digital 5.1 surround (English, Spanish and French) and Dolby Digital 2.0 stereo. surround (English).
546 ## - LANGUAGE NOTE
Language note In English, dubbed French, or dubbed Spanish, with optional subtitles in English, Spanish, or French.
546 ## - LANGUAGE NOTE
Language note Closed-captioned.
650 #0 - SUBJECT ADDED ENTRY--TOPICAL TERM
Topical term or geographic name as entry element Pandas
Form subdivision Drama.
9 (RLIN) 6373201
650 #0 - SUBJECT ADDED ENTRY--TOPICAL TERM
Topical term or geographic name as entry element Kung fu
General subdivision Training
Form subdivision Drama.
9 (RLIN) 5755118
650 #0 - SUBJECT ADDED ENTRY--TOPICAL TERM
Topical term or geographic name as entry element Revenge
Form subdivision Drama.
9 (RLIN) 5697951
650 #7 - SUBJECT ADDED ENTRY--TOPICAL TERM
Topical term or geographic name as entry element Animales exóticos
Form subdivision Teatro.
Source of heading or term bidex
9 (RLIN) 6478491
650 #7 - SUBJECT ADDED ENTRY--TOPICAL TERM
Topical term or geographic name as entry element Combate mano a mano (Estilo oriental)
Form subdivision Teatro.
Source of heading or term bidex
9 (RLIN) 6478492
650 #8 - SUBJECT ADDED ENTRY--TOPICAL TERM
Topical term or geographic name as entry element Pandas
Form subdivision Drama.
9 (RLIN) 6373201
650 #8 - SUBJECT ADDED ENTRY--TOPICAL TERM
Topical term or geographic name as entry element Kung fu
General subdivision Training
Form subdivision Drama.
9 (RLIN) 5755118
650 #8 - SUBJECT ADDED ENTRY--TOPICAL TERM
Topical term or geographic name as entry element Revenge
Form subdivision Drama.
9 (RLIN) 5697951
655 #0 - INDEX TERM--GENRE/FORM
Genre/form data or focus term Kung fu films.
9 (RLIN) 6186744
655 #0 - INDEX TERM--GENRE/FORM
Genre/form data or focus term Comedy films.
9 (RLIN) 6186745
655 #0 - INDEX TERM--GENRE/FORM
Genre/form data or focus term Fantasy films.
9 (RLIN) 6186746
655 #0 - INDEX TERM--GENRE/FORM
Genre/form data or focus term Action and adventure films.
9 (RLIN) 5674017
655 #0 - INDEX TERM--GENRE/FORM
Genre/form data or focus term Video recordings for the hearing impaired.
9 (RLIN) 6186747
655 #0 - INDEX TERM--GENRE/FORM
Genre/form data or focus term Feature films.
9 (RLIN) 6186748
655 #7 - INDEX TERM--GENRE/FORM
Genre/form data or focus term Comedy films.
Source of term gsafd
9 (RLIN) 6186745
655 #7 - INDEX TERM--GENRE/FORM
Genre/form data or focus term Fantasy films.
Source of term gsafd
9 (RLIN) 6186746
655 #7 - INDEX TERM--GENRE/FORM
Genre/form data or focus term Adventure films.
Source of term gsafd
9 (RLIN) 6186749
655 #7 - INDEX TERM--GENRE/FORM
Genre/form data or focus term Comedy
Form subdivision Feature.
Source of term migfg
9 (RLIN) 5696136
655 #7 - INDEX TERM--GENRE/FORM
Genre/form data or focus term Fantasy
Form subdivision Feature.
Source of term migfg
9 (RLIN) 5692408
655 #7 - INDEX TERM--GENRE/FORM
Genre/form data or focus term Adventure
Form subdivision Feature.
Source of term migfg
9 (RLIN) 5692407
700 1# - ADDED ENTRY--PERSONAL NAME
Personal name Cobb, Melissa.
9 (RLIN) 5869222
700 1# - ADDED ENTRY--PERSONAL NAME
Personal name Reiff, Ethan.
9 (RLIN) 61102
700 1# - ADDED ENTRY--PERSONAL NAME
Personal name Voris, Cyrus.
9 (RLIN) 71661
700 1# - ADDED ENTRY--PERSONAL NAME
Personal name Aibel, Jonathan.
9 (RLIN) 5771806
700 1# - ADDED ENTRY--PERSONAL NAME
Personal name Berger, Glenn.
9 (RLIN) 5771807
700 1# - ADDED ENTRY--PERSONAL NAME
Personal name Osborne, Mark.
9 (RLIN) 6186750
700 1# - ADDED ENTRY--PERSONAL NAME
Personal name Stevenson, John,
Dates associated with a name 1959-
9 (RLIN) 6186751
700 1# - ADDED ENTRY--PERSONAL NAME
Personal name Black, Jack,
Dates associated with a name 1969-
9 (RLIN) 66764
700 1# - ADDED ENTRY--PERSONAL NAME
Personal name Hoffman, Dustin,
Dates associated with a name 1937-
9 (RLIN) 13573
700 1# - ADDED ENTRY--PERSONAL NAME
Personal name Jolie, Angelina,
Dates associated with a name 1975-
9 (RLIN) 65070
700 1# - ADDED ENTRY--PERSONAL NAME
Personal name McShane, Ian,
Dates associated with a name 1942-
9 (RLIN) 64540
700 1# - ADDED ENTRY--PERSONAL NAME
Personal name Cheng, Long,
Dates associated with a name 1954-
9 (RLIN) 62285
700 1# - ADDED ENTRY--PERSONAL NAME
Personal name Rogen, Seth,
Dates associated with a name 1982-
9 (RLIN) 72581
700 1# - ADDED ENTRY--PERSONAL NAME
Personal name Liu, Lucy,
Dates associated with a name 1968-
9 (RLIN) 504
700 1# - ADDED ENTRY--PERSONAL NAME
Personal name Cross, David,
Dates associated with a name 1964-
9 (RLIN) 77114
700 1# - ADDED ENTRY--PERSONAL NAME
Personal name Kim, Randall Duk.
9 (RLIN) 6186752
700 1# - ADDED ENTRY--PERSONAL NAME
Personal name Hong, James.
9 (RLIN) 62832
700 1# - ADDED ENTRY--PERSONAL NAME
Personal name Fogler, Dan.
9 (RLIN) 71907
700 1# - ADDED ENTRY--PERSONAL NAME
Personal name Duncan, Michael Clarke.
9 (RLIN) 66571
710 2# - ADDED ENTRY--CORPORATE NAME
Corporate name or jurisdiction name as entry element DreamWorks Animation.
9 (RLIN) 55935
710 2# - ADDED ENTRY--CORPORATE NAME
Corporate name or jurisdiction name as entry element Pacific Data Images.
9 (RLIN) 67395
710 2# - ADDED ENTRY--CORPORATE NAME
Corporate name or jurisdiction name as entry element Paramount Home Entertainment (Firm)
9 (RLIN) 72161
942 ## - ADDED ENTRY ELEMENTS (KOHA)
Koha item type DVD
Source of classification or shelving scheme Dewey Decimal Classification
Holdings
Withdrawn status Lost status Source of classification or shelving scheme Damaged status Not for loan Collection code Home library Current library Shelving location Date acquired Source of acquisition Cost, normal purchase price Total Checkouts Total Renewals Full call number Barcode Date last seen Date checked out Cost, replacement price Price effective from Koha item type
    Dewey Decimal Classification     Children Movies Wasatch County Library Wasatch County Library Audio Visual Area 03/19/2012 Amazon 15.95 186 39 E DVD Kun 34301001196411 02/09/2026 02/02/2026 15.95 03/20/2020 DVD
This project was made possible through a grant from the Institute of Museum and Library Service administered by the Utah State Library Division.

Wasatch County Library

  • 465 East 1200 South, Heber City, Utah 84032
  • Phone 435-654-1511 | Fax 435-654-6456

Hours

  • Monday - Friday 9:30 AM - 8:00 PM
  • Saturday 9:30 AM - 1:30 PM
  • Closed Sundays and Holidays